| 000 | 00355nam a22001337a 4500 | ||
|---|---|---|---|
| 008 | 250304b |||||||| |||| 00| 0 eng d | ||
| 020 | _a9783527341184 | ||
| 050 |
_aTS156.8 _b.M85 |
||
| 100 | _aMulholi and Michael | ||
| 245 | _aApplied Process Control.Efficient Problem Solving | ||
| 260 |
_aGermany _bWiley VCH _c2016 |
||
| 300 | _aXXIII,336P | ||
| 942 | _cBK | ||
| 999 |
_c2088 _d2088 |
||